Credit for professional improvement of teachers. (Record no. 20540)

MARC details
000 -LEADER
fixed length control field 00737cam a22002411 4500
001 - CONTROL NUMBER
control field e 22000387
003 - CONTROL NUMBER IDENTIFIER
control field DLC
005 - DATE AND TIME OF LATEST TRANSACTION
control field 20260227111213.0
008 - FIXED-LENGTH DATA ELEMENTS--GENERAL INFORMATION
fixed length control field 930816s1922 dcu 000 0 eng
010 ## - LIBRARY OF CONGRESS CONTROL NUMBER
LC control number e 22000387
035 ## - SYSTEM CONTROL NUMBER
System control number (OCoLC)28635883
040 ## - CATALOGING SOURCE
Original cataloging agency DLC
Transcribing agency NcD
Modifying agency DLC
042 ## - AUTHENTICATION CODE
Authentication code premarc
050 00 - LIBRARY OF CONGRESS CALL NUMBER
Classification number L111
Item number .A57 no. 16
100 1# - MAIN ENTRY--PERSONAL NAME
Personal name Hebb, Bertha Yell.
245 10 - TITLE STATEMENT
Title Credit for professional improvement of teachers.
Statement of responsibility, etc. By Bertha Y. Hebb.
260 ## - PUBLICATION, DISTRIBUTION, ETC.
Place of publication, distribution, etc. [Washington,
Name of publisher, distributor, etc. Govt. print. off.,
Date of publication, distribution, etc. 1922]
300 ## - PHYSICAL DESCRIPTION
Extent 7 p.
Dimensions 23 cm.
490 0# - SERIES STATEMENT
Series statement [U.S.] Bureau of education. Teacher's leaflet
Volume/sequential designation no. 16. March, 1922.
500 ## - GENERAL NOTE
General note Caption title.
500 ## - GENERAL NOTE
General note At head of title: Department of the interior.
650 #0 - SUBJECT ADDED ENTRY--TOPICAL TERM
Topical term or geographic name entry element Teachers.

No items available.

Powered by Koha